Swaté Písmo nowého Zákona podla obecného latinského od sw. rímsko-katolickég cirkwi potwrdeného preložené s prirownáňím gruntowného textu na swetlo widané

Bibliographic Details
Corporate Author: Holzhause, Adolf (Wien, Rakúsko) (Printer)
Format: Book
Language:Slovak
PhysicalDescription:[5], 426 s. 13 cm
Published: We Wídni Sklad britickég a cudzozemskég biblickég společnosti 1892
Subjects:

MARC

LEADER 00000nam a2200000 a 4500
001 vtls011760179
003 SK-MaSNL
005 20260301183247.0
008 200316s1892 au a 0 an0 slo
015 |a SNBHFA1892 
035 |a urn:nbn:sk:snk-am00dgz9 
035 |a urn:nbn:sk:snk-am3i1x2 
035 |a 277FF4FB-350D-427F-9B0E-3AE2138D6A70 
040 |a SNKHF  |b slo  |c SNK  |e AACR2 
041 0 |a slo 
044 |a au  |c AT 
072 7 |a 2-23/-27  |x Biblia. Biblistika  |2 konspekt 
080 |a 2-236.5  |2 2011 
130 0 |a Swaté  |9 557322 
245 1 0 |a Swaté Písmo nowého Zákona  |b podla obecného latinského od sw. rímsko-katolickég cirkwi potwrdeného preložené s prirownáňím gruntowného textu na swetlo widané 
260 |a We Wídni  |b Sklad britickég a cudzozemskég biblickég společnosti  |c 1892  |e we Wídni  |f Witlačené u Adolfa Holzhausena 
300 |a [5], 426 s.  |c 13 cm 
500 |a Dvojstĺpcová tlač 
504 |a Imprimatur. Živé záhlavie 
546 |a Slovenčina  |b Fraktúra 
550 |a Tlačiar uvedený za textom 
650 0 7 |a Biblia  |2 SNKPH  |9 80871 
650 0 7 |a Nový zákon  |2 SNKPH  |9 348671 
710 1 |a Holzhause, Adolf (Wien, Rakúsko)  |4 prt  |9 558296 
752 |a Rakúsko  |d Viedeň 
852 |a SNK  |p SE 161 
958 |a ONDV 
999 |c 856356  |d 858286 
952 |a SNK  |b SNK  |y PREZ  |7 0  |p 17A0731347  |o snkSE 161  |i snk2671/28  |0 0  |1 0  |4 0  |d 2018-06-05  |f 1  |l 0  |r 2026-02-24 04:57:11  |w 2026-02-24 
952 |a SNK  |b SNK  |y PREZ  |7 0  |p 17A1301014  |o snkSE 161 D1  |i snkF 796/89  |8 5  |z r. 1892  |0 0  |1 0  |4 0  |d 2018-06-05  |l 0  |r 2026-02-24 04:57:11  |w 2026-02-24